[Event "Sofia Accedia op"]
[Site "Sofia"]
[Date "2023.03.25"]
[Round "9"]
[White "Peltekov, Georgi"]
[Black "Kopev, Daniel"]
[Result "0-1"]
[WhiteElo "1338"]
[BlackElo "1574"]
[PlyCount "56"]
[EventDate "2023.03.25"]
[EventType "swiss"]
[EventRounds "9"]
[EventCountry "BUL"]
[SourceTitle "CBM 213 Extra"]
[Source "ChessBase"]
[SourceDate "2023.05.31"]
[SourceVersion "1"]
[SourceVersionDate "2023.05.31"]
[SourceQuality "1"]

1. d4 f5 2. c4 Nf6 3. Nc3 g6 4. Bf4 Bg7 5. h3 0-0 6. e3 b6 7. Nf3 Bb7 8. Be2 d6 9. 0-0 Qe8 10. d5 e5 11. Bh2 Nbd7 12. Ng5 Nc5 13. b4 h6 14. bxc5 hxg5 15. cxd6 cxd6 16. Nb5 Qd7 17. Rc1 a6 18. Nc3 Rac8 19. Qb3 Qc7 20. Na4 b5 21. cxb5 Qxc1 22. Rxc1 Rxc1+ 23. Bf1 Bxd5 24. Qb2 Rfc8 25. Nb6 R8c2 26. Qb4 Ne4 27. Nxd5 Rxf2 28. Bg3 Rfxf1+ 0-1